[Event "Sitges Sunway op 10th"]
[Site "Sitges"]
[Date "2023.12.20"]
[Round "8"]
[White "Tiglon, Bryce"]
[Black "Jacobson, Brandon"]
[Result "1/2-1/2"]
[WhiteElo "2485"]
[BlackElo "2538"]
[PlyCount "61"]
[EventDate "2023.12.12"]
[EventType "swiss"]
[EventRounds "10"]
[EventCountry "ESP"]
[SourceTitle "CB52_2023"]
[SourceDate "2023.12.27"]
[SourceVersion "1"]
[SourceVersionDate "2023.12.27"]
[SourceQuality "1"]

1. e4 e5 2. Nf3 Nc6 3. Bb5 a6 4. Ba4 d6 5. 0-0 Bg4 6. h3 Bh5 7. c3 Be7 8. d4 b5 9. Bb3 Nf6 10. d5 Nb8 11. Re1 0-0 12. Nbd2 Bg6 13. Bc2 c6 14. dxc6 Nxc6 15. Nf1 h6 16. Ng3 d5 17. exd5 Bxc2 18. Qxc2 Qxd5 19. Rd1 Qe6 20. Qf5 Rfd8 21. Be3 Qxf5 22. Nxf5 Bf8 23. Bb6 Rd5 24. Ne3 Rd7 25. Ng4 Rb7 26. Nxf6+ gxf6 27. Be3 Na5 28. Nh4 Nc4 29. Bc1 Kh7 30. Nf5 a5 31. b3 1/2-1/2

[Event "Sitges Sunway op 10th"]
[Site "Sitges"]
[Date "2023.12.18"]
[Round "6"]
[White "Tiglon, Bryce"]
[Black "Tin, Jingyao"]
[Result "1-0"]
[WhiteElo "2485"]
[BlackElo "2573"]
[PlyCount "81"]
[EventDate "2023.12.12"]
[EventType "swiss"]
[EventRounds "10"]
[EventCountry "ESP"]
[SourceTitle "CB52_2023"]
[SourceDate "2023.12.27"]
[SourceVersion "1"]
[SourceVersionDate "2023.12.27"]
[SourceQuality "1"]

1. e4 c5 2. Nf3 e6 3. d4 cxd4 4. Nxd4 Nc6 5. Nc3 Qc7 6. Be3 a6 7. Qd2 Nf6 8. f4 b5 9. e5 b4 10. Ncb5 axb5 11. Nxb5 Qb8 12. exf6 gxf6 13. c4 b3 14. a3 Nb4 15. Bd3 d5 16. 0-0 Nxd3 17. Qxd3 Ra4 18. Qxb3 Rxc4 19. Rac1 Bd7 20. a4 Qc8 21. Rxc4 dxc4 22. Qc3 Rg8 23. Qxf6 Bc5 24. Qe5 Bxe3+ 25. Qxe3 Bxb5 26. axb5 Qb7 27. Qf3 Qxf3 28. Rxf3 Kd7 29. b3 Rc8 30. Rc3 cxb3 31. Rxb3 Rc4 32. g3 Kc7 33. Kg2 Kb6 34. Kf3 Rc5 35. Kg4 h6 36. h3 Rxb5 37. Rxb5+ Kxb5 38. Kh5 Kc5 39. Kxh6 f6 40. g4 e5 41. g5 1-0

[Event "Sitges Sunway op 10th"]
[Site "Sitges"]
[Date "2023.12.12"]
[Round "1"]
[White "Maloberti, David"]
[Black "Tiglon, Bryce"]
[Result "0-1"]
[WhiteElo "2005"]
[BlackElo "2485"]
[PlyCount "58"]
[EventDate "2023.12.12"]
[EventType "swiss"]
[EventRounds "10"]
[EventCountry "ESP"]
[SourceTitle "CB52_2023"]
[SourceDate "2023.12.27"]
[SourceVersion "1"]
[SourceVersionDate "2023.12.27"]
[SourceQuality "1"]

1. d4 d5 2. c4 dxc4 3. Nf3 Nf6 4. e3 e6 5. Bxc4 a6 6. 0-0 c5 7. Qe2 Nc6 8. Rd1 b5 9. Bb3 c4 10. Bc2 Nb4 11. a4 Bb7 12. b3 Nxc2 13. Qxc2 cxb3 14. Qxb3 Bd5 15. Qb2 bxa4 16. Nc3 Bb3 17. Re1 Rb8 18. Qe2 Bb4 19. Bd2 Qa5 20. Rec1 0-0 21. e4 Rfc8 22. Qd3 h6 23. e5 Nd5 24. Ne4 Qb5 25. Qb1 Bxd2 26. Nfxd2 Bc2 27. Qa2 Nb4 28. Qa3 Bxe4 29. Nxe4 Nc2 0-1

[Event "US Masters op"]
[Site "Charlotte"]
[Date "2023.11.25"]
[Round "6"]
[White "Dudin, Gleb"]
[Black "Tiglon, Bryce"]
[Result "1/2-1/2"]
[WhiteElo "2537"]
[BlackElo "2468"]
[PlyCount "70"]
[EventDate "2023.11.22"]
[EventType "swiss"]
[EventRounds "9"]
[EventCountry "USA"]
[SourceTitle "CB48_2023"]
[SourceDate "2023.11.29"]
[SourceVersion "1"]
[SourceVersionDate "2023.11.29"]
[SourceQuality "1"]

1. d4 Nf6 2. c4 g6 3. f3 e6 4. e4 c5 5. d5 d6 6. Nc3 Bg7 7. Be3 exd5 8. cxd5 0-0 9. Qd2 a6 10. a4 Re8 11. Be2 b6 12. Kf1 Ra7 13. Bg5 Rb7 14. g3 Bd7 15. Kg2 b5 16. axb5 Bxb5 17. Nxb5 axb5 18. h4 h5 19. Nh3 Nbd7 20. Ra6 Rb6 21. Rha1 c4 22. Be3 Nc5 23. Bxc5 dxc5 24. Ng5 Nh7 25. Nxh7 Kxh7 26. Ra7 Qf6 27. R1a2 Kg8 28. Rc7 Qd4 29. Qc2 Be5 30. Rd7 Bxg3 31. Kxg3 Qg1+ 32. Kh3 Qh1+ 33. Kg3 Qg1+ 34. Kh3 Qh1+ 35. Kg3 Qg1+ 1/2-1/2

[Event "Ayvalik Chestnut"]
[Site "Ayvalik"]
[Date "2023.09.22"]
[Round "7.5"]
[White "Tiglon, Bryce"]
[Black "Poormosavi, Seyed Kian"]
[Result "0-1"]
[WhiteElo "2489"]
[BlackElo "2374"]
[PlyCount "226"]
[EventDate "2023.09.18"]
[EventType "schev"]
[EventRounds "9"]
[EventCountry "TUR"]
[SourceTitle "EXT 2024"]
[Source "ChessBase"]
[SourceDate "2023.10.10"]
[SourceVersion "1"]
[SourceVersionDate "2023.10.10"]
[SourceQuality "1"]
[WhiteTeam "Team C"]
[BlackTeam "Team D"]
[WhiteTeamCountry "TUR"]
[BlackTeamCountry "TUR"]

1. e4 c5 2. Nf3 Nc6 3. d4 cxd4 4. Nxd4 Nf6 5. Nc3 e5 6. Ndb5 d6 7. Bg5 a6 8. Na3 b5 9. Nd5 Be7 10. Bxf6 Bxf6 11. c3 Bg5 12. Nc2 Rb8 13. a3 0-0 14. h4 Bh6 15. g4 Bf4 16. Qf3 a5 17. Be2 Be6 18. Nxf4 exf4 19. Qxf4 b4 20. axb4 axb4 21. Rd1 bxc3 22. bxc3 Qa5 23. 0-0 Rb2 24. Nb4 Nxb4 25. cxb4 Qxb4 26. Qe3 Qc5 27. Bf3 Qe5 28. Kg2 f5 29. gxf5 Bxf5 30. Rd5 Qe6 31. Kg3 Qg6+ 32. Kh2 Be6 33. Rxd6 Qf7 34. Rfd1 Bc4 35. Rc1 Rb3 36. Rc3 Rxc3 37. Qxc3 Qf4+ 38. Kg2 Qxd6 39. Qxc4+ Kh8 40. h5 Qf6 41. Qe2 Qg5+ 42. Kf1 Rc8 43. Bg4 Rb8 44. Qf3 Re8 45. Bd7 Rd8 46. Bg4 Qe5 47. Kg2 Qe7 48. Qe3 Re8 49. Bf5 Qh4 50. Qf3 Qf6 51. Qe3 Rd8 52. Qf4 Qd4 53. Qg3 Ra8 54. Qf4 Qb6 55. Bg4 Rd8 56. Bf5 Rf8 57. Qg5 Qd6 58. Qe3 Qf6 59. Qg3 Qh6 60. Qf3 Qg5+ 61. Kf1 Ra8 62. Bg4 Re8 63. Bd7 Rd8 64. Bg4 Qe7 65. Bf5 Qh4 66. Bg4 Qh2 67. Qg2 Qe5 68. Kg1 Qg5 69. Qf3 Re8 70. Kf1 Qe5 71. Bf5 Qh2 72. Bd7 Ra8 73. Bg4 Ra1+ 74. Ke2 Qd6 75. Qb3 Qa6+ 76. Kd2 Ra2+ 77. Ke1 Qa7 78. Be2 Ra1+ 79. Bd1 h6 80. Qc3 Qa8 81. Qe5 Rb1 82. Qf5 Qd8 83. Qg4 Rc1 84. Qf3 Qd6 85. Qb3 Qd4 86. Qf3 Qb4+ 87. Ke2 Rc4 88. Kf1 Rxe4 89. Bc2 Re1+ 90. Kg2 Re8 91. Qf5 Qb7+ 92. f3 Re2+ 93. Kh3 Kg8 94. Qh7+ Kf8 95. Qh8+ Kf7 96. Bg6+ Ke6 97. Qe8+ Qe7 98. Qc6+ Ke5 99. Qb5+ Kf4 100. Qc4+ Ke3 101. Bf5 Qe5 102. Qd3+ Kf2 103. f4 Re3+ 104. Kg4 Qb2 105. Qc2+ Qxc2 106. Bxc2 Rg3+ 107. Kf5 Ke3 108. Ba4 Rf3 109. Kg6 Rxf4 110. Bd7 Rh4 111. Be8 Rg4+ 112. Kh7 Kf4 113. Bg6 Kg5 0-1

[Event "Ayvalik Chestnut"]
[Site "Ayvalik"]
[Date "2023.09.20"]
[Round "4.1"]
[White "Gholami, Aryan"]
[Black "Tiglon, Bryce"]
[Result "1-0"]
[WhiteElo "2504"]
[BlackElo "2489"]
[PlyCount "99"]
[EventDate "2023.09.18"]
[EventType "schev"]
[EventRounds "9"]
[EventCountry "TUR"]
[SourceTitle "EXT 2024"]
[Source "ChessBase"]
[SourceDate "2023.10.10"]
[SourceVersion "1"]
[SourceVersionDate "2023.10.10"]
[SourceQuality "1"]
[WhiteTeam "Team B"]
[BlackTeam "Team C"]
[WhiteTeamCountry "TUR"]
[BlackTeamCountry "TUR"]

1. e4 c5 2. Nf3 d6 3. c3 Nf6 4. Be2 g6 5. 0-0 Bg7 6. Bb5+ Nc6 7. d4 0-0 8. d5 a6 9. Bd3 Na5 10. Re1 e6 11. Bg5 exd5 12. exd5 Qb6 13. Bxf6 Bxf6 14. Qc1 c4 15. Bf1 Bg7 16. Nbd2 Qc5 17. Ne4 Qxd5 18. Qf4 Qf5 19. Qxd6 b5 20. Qb6 Nb7 21. Rad1 Qf4 22. a4 Rb8 23. Nd6 Rd8 24. Qa7 Be6 25. Nxb7 Rxd1 26. Rxd1 Qc7 27. Qxb8+ Qxb8 28. Rd8+ Qxd8 29. Nxd8 Bd5 30. axb5 axb5 31. Ng5 Bf6 32. Ndxf7 Bxf7 33. Ne4 Be5 34. g3 Bd5 35. Bg2 Bxe4 36. Bxe4 Kf8 37. f4 Bf6 38. g4 b4 39. cxb4 Bxb2 40. Kf2 Bd4+ 41. Kf3 Kg7 42. Bc2 Bg1 43. h3 c3 44. Ke4 Kf6 45. Kd5 Bh2 46. f5 gxf5 47. gxf5 Bg3 48. b5 Bf4 49. b6 Be5 50. Kc6 1-0

[Event "Ayvalik Chestnut"]
[Site "Ayvalik"]
[Date "2023.09.19"]
[Round "3.2"]
[White "Shanava, Konstantine"]
[Black "Tiglon, Bryce"]
[Result "1/2-1/2"]
[WhiteElo "2474"]
[BlackElo "2489"]
[PlyCount "62"]
[EventDate "2023.09.18"]
[EventType "schev"]
[EventRounds "9"]
[EventCountry "TUR"]
[SourceTitle "EXT 2024"]
[Source "ChessBase"]
[SourceDate "2023.10.10"]
[SourceVersion "1"]
[SourceVersionDate "2023.10.10"]
[SourceQuality "1"]
[WhiteTeam "Team B"]
[BlackTeam "Team C"]
[WhiteTeamCountry "TUR"]
[BlackTeamCountry "TUR"]

1. c4 c5 2. Nc3 g6 3. g3 Bg7 4. Bg2 Nf6 5. e3 0-0 6. Nge2 e6 7. 0-0 d5 8. cxd5 Nxd5 9. Nxd5 exd5 10. d4 cxd4 11. exd4 Nc6 12. Be3 Bg4 13. Qd2 Bxe2 14. Qxe2 Nxd4 15. Bxd4 Bxd4 16. Rad1 Qf6 17. Bxd5 Rad8 18. Qf3 Bxb2 19. Qxf6 Bxf6 20. Bxb7 Rxd1 21. Rxd1 Rd8 22. Rxd8+ Bxd8 23. Kg2 Kg7 24. a4 a5 25. Kf3 Bb6 26. h4 h5 27. Bd5 Bc5 28. Bc4 Bb6 29. Bd5 Ba7 30. Bc4 Bc5 31. Bd5 Kf6 1/2-1/2

[Event "Ayvalik Chestnut"]
[Site "Ayvalik"]
[Date "2023.09.18"]
[Round "1.5"]
[White "Deveci, Huseyin Said"]
[Black "Tiglon, Bryce"]
[Result "0-1"]
[WhiteElo "1948"]
[BlackElo "2489"]
[PlyCount "114"]
[EventDate "2023.09.18"]
[EventType "schev"]
[EventRounds "9"]
[EventCountry "TUR"]
[SourceTitle "EXT 2024"]
[Source "ChessBase"]
[SourceDate "2023.10.10"]
[SourceVersion "1"]
[SourceVersionDate "2023.10.10"]
[SourceQuality "1"]
[WhiteTeam "Team D"]
[BlackTeam "Team C"]
[WhiteTeamCountry "TUR"]
[BlackTeamCountry "TUR"]

1. e4 e6 2. d4 d5 3. Nd2 c5 4. Ngf3 cxd4 5. Nxd4 Ne7 6. exd5 Nxd5 7. N2f3 Bb4+ 8. Bd2 Bc5 9. Bd3 0-0 10. 0-0 e5 11. Nb3 Bd6 12. Bg5 Ne7 13. Re1 Nbc6 14. Be4 f6 15. Bh4 Be6 16. Qd3 Nb4 17. Qe2 Qc7 18. c3 Nbd5 19. Bg3 Nb6 20. Rad1 Nc4 21. Bd3 Bf7 22. Qc2 Bg6 23. Bxg6 Nxg6 24. Nbd2 Nxd2 25. Qxd2 Rad8 26. Qd5+ Kh8 27. Qe6 f5 28. Nh4 Ne7 29. Nf3 Ng6 30. Nh4 Rf6 31. Nxg6+ hxg6 32. Qd5 Re8 33. Rd3 g5 34. h4 g4 35. h5 Rfe6 36. f3 Bc5+ 37. Kf1 Qe7 38. fxg4 f4 39. Bh4 Qxh4 40. Qxc5 e4 41. Rh3 Qxg4 42. Qc7 Rf6 43. a3 b5 44. b3 a6 45. c4 bxc4 46. bxc4 Kg8 47. c5 Rf7 48. Qd6 Re6 49. Qd8+ Kh7 50. Qh4 Qf5 51. Qf2 f3 52. Kg1 Rc6 53. Rh4 Re6 54. Rh3 Re5 55. c6 Rc5 56. Rh4 Rc2 57. Qxc2 f2+ 0-1

[Event "Ayvalik Walnut"]
[Site "Ayvalik"]
[Date "2023.09.15"]
[Round "7.5"]
[White "Tiglon, Bryce"]
[Black "Pavlov, Mark"]
[Result "1/2-1/2"]
[WhiteElo "2489"]
[BlackElo "2267"]
[PlyCount "65"]
[EventDate "2023.09.11"]
[EventType "schev"]
[EventRounds "9"]
[EventCountry "TUR"]
[SourceTitle "EXT 2024"]
[Source "ChessBase"]
[SourceDate "2023.10.10"]
[SourceVersion "1"]
[SourceVersionDate "2023.10.10"]
[SourceQuality "1"]
[WhiteTeam "Team C"]
[BlackTeam "Team D"]
[WhiteTeamCountry "TUR"]
[BlackTeamCountry "TUR"]

1. e4 e6 2. d4 d5 3. Nd2 c5 4. Ngf3 cxd4 5. exd5 Qxd5 6. Bc4 Qd6 7. 0-0 Nf6 8. Nb3 Nc6 9. Nbxd4 Nxd4 10. Nxd4 a6 11. Re1 Qc7 12. Qe2 Bd6 13. Bg5 0-0 14. Bxf6 gxf6 15. Qg4+ Kh8 16. Qh4 Be7 17. Nf3 Rg8 18. Bd3 Rg7 19. Qc4 Qxc4 20. Bxc4 Bd7 21. Bd3 Bc5 22. Be4 Rb8 23. Rad1 Be8 24. Nd4 Rg5 25. Kf1 Bf8 26. g3 Rc5 27. f4 f5 28. Bf3 b5 29. a3 a5 30. Rd2 Rc7 31. Kg2 b4 32. axb4 axb4 33. Rde2 1/2-1/2

[Event "Ayvalik Walnut"]
[Site "Ayvalik"]
[Date "2023.09.14"]
[Round "6.4"]
[White "Deveci, Huseyin Said"]
[Black "Tiglon, Bryce"]
[Result "0-1"]
[WhiteElo "1948"]
[BlackElo "2489"]
[PlyCount "74"]
[EventDate "2023.09.11"]
[EventType "schev"]
[EventRounds "9"]
[EventCountry "TUR"]
[SourceTitle "EXT 2024"]
[Source "ChessBase"]
[SourceDate "2023.10.10"]
[SourceVersion "1"]
[SourceVersionDate "2023.10.10"]
[SourceQuality "1"]
[WhiteTeam "Team D"]
[BlackTeam "Team C"]
[WhiteTeamCountry "TUR"]
[BlackTeamCountry "TUR"]

1. e4 c5 2. c3 Nf6 3. e5 Nd5 4. Nf3 d6 5. Bb5+ Bd7 6. Bxd7+ Qxd7 7. 0-0 Nc6 8. exd6 e6 9. d4 cxd4 10. Nxd4 Bxd6 11. Nxc6 Qxc6 12. Nd2 0-0-0 13. Qf3 Rd7 14. c4 Nb4 15. Qxc6+ Nxc6 16. Nf3 e5 17. Be3 f5 18. Rad1 h6 19. Rd5 e4 20. Nh4 Ne7 21. Rxd6 Rxd6 22. Bc5 Rhd8 23. Bxd6 Rxd6 24. g3 Rd2 25. Rb1 Rc2 26. Ng2 Rxc4 27. Ne3 Rd4 28. Kf1 Kd7 29. Ke2 g5 30. f4 exf3+ 31. Kxf3 Rd2 32. h3 Ke6 33. Nc4 Rd3+ 34. Kf2 b5 35. Re1+ Kf6 36. Ne5 Rd2+ 37. Kf3 Rd5 0-1

[Event "Ayvalik Walnut"]
[Site "Ayvalik"]
[Date "2023.09.12"]
[Round "3.2"]
[White "Shanava, Konstantine"]
[Black "Tiglon, Bryce"]
[Result "1/2-1/2"]
[WhiteElo "2474"]
[BlackElo "2489"]
[PlyCount "61"]
[EventDate "2023.09.11"]
[EventType "schev"]
[EventRounds "9"]
[EventCountry "TUR"]
[SourceTitle "EXT 2024"]
[Source "ChessBase"]
[SourceDate "2023.10.10"]
[SourceVersion "1"]
[SourceVersionDate "2023.10.10"]
[SourceQuality "1"]
[WhiteTeam "Team B"]
[BlackTeam "Team C"]
[WhiteTeamCountry "TUR"]
[BlackTeamCountry "TUR"]

1. e4 e6 2. d4 d5 3. Nd2 c5 4. c3 cxd4 5. cxd4 dxe4 6. Nxe4 Nf6 7. Nc3 Nc6 8. Nf3 Be7 9. Bd3 0-0 10. 0-0 b6 11. a3 Bb7 12. Be3 Rc8 13. Rc1 Nd5 14. Bb1 g6 15. Ba2 Nxc3 16. Rxc3 Bf6 17. Qa4 a6 18. Rfc1 b5 19. Qd1 Ne7 20. Rxc8 Nxc8 21. Ne5 Ne7 22. Ng4 Nf5 23. Nxf6+ Qxf6 24. Rc7 Ba8 25. Qd2 Bd5 26. Bxd5 exd5 27. h3 Re8 28. Qc3 Nxe3 29. Rc8 Qe6 30. Rxe8+ Qxe8 31. fxe3 1/2-1/2

[Event "Ayvalik Lemon"]
[Site "Ayvalik"]
[Date "2023.09.07"]
[Round "5"]
[White "Tiglon, Bryce"]
[Black "Bryakin, Mikhail"]
[Result "1/2-1/2"]
[WhiteElo "2489"]
[BlackElo "2481"]
[PlyCount "60"]
[EventDate "2023.09.04"]
[EventType "schev"]
[EventRounds "9"]
[EventCountry "TUR"]
[SourceTitle "EXT 2024"]
[Source "ChessBase"]
[SourceDate "2023.10.10"]
[SourceVersion "1"]
[SourceVersionDate "2023.10.10"]
[SourceQuality "1"]
[WhiteTeam "Team D"]
[BlackTeam "Team B"]
[WhiteTeamCountry "TUR"]
[BlackTeamCountry "TUR"]

1. e4 e5 2. Nf3 Nf6 3. Nxe5 d6 4. Nf3 Nxe4 5. d4 d5 6. Bd3 Bd6 7. 0-0 0-0 8. c4 c6 9. Nc3 Nxc3 10. bxc3 dxc4 11. Bxc4 Bf5 12. Bg5 Qa5 13. d5 Be4 14. dxc6 Bxf3 15. Qxf3 Nxc6 16. Bd5 Qc7 17. Bxc6 bxc6 18. g3 Rfe8 19. Rab1 Bc5 20. Kg2 Qc8 21. Rfe1 Qa6 22. Qf5 Rxe1 23. Rxe1 Bf8 24. Qc2 h6 25. Bf4 Rd8 26. Re4 Qb5 27. c4 Qf5 28. Re2 Qxc2 29. Rxc2 Bc5 30. Rd2 Rxd2 1/2-1/2

[Event "Ayvalik Lemon"]
[Site "Ayvalik"]
[Date "2023.09.05"]
[Round "2"]
[White "Rasulov, Vugar Ural Oglu"]
[Black "Tiglon, Bryce"]
[Result "1/2-1/2"]
[WhiteElo "2538"]
[BlackElo "2489"]
[PlyCount "63"]
[EventDate "2023.09.04"]
[EventType "schev"]
[EventRounds "9"]
[EventCountry "TUR"]
[SourceTitle "EXT 2024"]
[Source "ChessBase"]
[SourceDate "2023.10.10"]
[SourceVersion "1"]
[SourceVersionDate "2023.10.10"]
[SourceQuality "1"]
[WhiteTeam "Team B"]
[BlackTeam "Team D"]
[WhiteTeamCountry "TUR"]
[BlackTeamCountry "TUR"]

1. e4 e6 2. d4 d5 3. Nd2 c5 4. Ngf3 cxd4 5. Nxd4 Nf6 6. exd5 Nxd5 7. N2f3 Bb4+ 8. Bd2 Bc5 9. Nb3 Be7 10. Bd3 Nc6 11. 0-0 0-0 12. c4 Nf6 13. Bf4 Nh5 14. Be3 Nf6 15. Nbd4 Bd7 16. Nxc6 Bxc6 17. Ne5 Qc7 18. Nxc6 bxc6 19. Qe2 Rfd8 20. Rad1 Bd6 21. g3 c5 22. b3 Be5 23. Qf3 Rac8 24. Kg2 Bd4 25. Bf4 Be5 26. Bc1 Bd4 27. Bc2 Nd7 28. Bg5 Re8 29. Rfe1 Ne5 30. Qe2 Nc6 31. h4 g6 32. Bf4 1/2-1/2

[Event "Ayvalik Lemon"]
[Site "Ayvalik"]
[Date "2023.09.04"]
[Round "1"]
[White "Celik, Ali Alper"]
[Black "Tiglon, Bryce"]
[Result "0-1"]
[WhiteElo "2192"]
[BlackElo "2489"]
[PlyCount "80"]
[EventDate "2023.09.04"]
[EventType "schev"]
[EventRounds "9"]
[EventCountry "TUR"]
[SourceTitle "EXT 2024"]
[Source "ChessBase"]
[SourceDate "2023.10.10"]
[SourceVersion "1"]
[SourceVersionDate "2023.10.10"]
[SourceQuality "1"]
[WhiteTeam "Team C"]
[BlackTeam "Team D"]
[WhiteTeamCountry "TUR"]
[BlackTeamCountry "TUR"]

1. d4 Nf6 2. Bg5 d5 3. e3 c5 4. c3 Nc6 5. Qc2 Ne4 6. Bf4 g5 7. Bg3 Bf5 8. Qb3 a6 9. Be2 h5 10. f3 Nxg3 11. hxg3 e6 12. g4 Bg6 13. gxh5 Rxh5 14. Rxh5 Bxh5 15. Nd2 Qc7 16. Kf2 0-0-0 17. Nh3 Be7 18. Rh1 Bg6 19. g4 e5 20. dxe5 Nxe5 21. f4 gxf4 22. Nxf4 c4 23. Qa4 Bc5 24. Rh3 Nc6 25. Nxg6 fxg6 26. Kg2 Qb6 27. Qc2 Bxe3 28. Nf1 Bg5 29. Qxg6 Qxb2 30. Ng3 Be7 31. Qe6+ Kb8 32. Rh5 d4 33. cxd4 c3 34. d5 c2 35. Rh1 Qxa2 36. Rc1 Bd6 37. Qe4 Nb4 38. Nf5 Qa3 39. Rxc2 Nxc2 40. Qxc2 Rh8 0-1

[Event "Titled Tuesday intern op 27th Jun Late"]
[Site "Chess.com INT"]
[Date "2023.06.27"]
[Round "6"]
[White "Bortnyk, Olexandr"]
[Black "Tiglon, Bryce"]
[Result "1-0"]
[WhiteElo "2605"]
[BlackElo "2481"]
[PlyCount "87"]
[EventDate "2023.06.27"]
[EventType "swiss (blitz)"]
[EventRounds "11"]
[EventCountry "USA"]
[SourceTitle "EXT 2024"]
[Source "ChessBase"]
[SourceDate "2023.10.10"]
[SourceVersion "1"]
[SourceVersionDate "2023.10.10"]
[SourceQuality "1"]

1. e4 g6 2. d4 Bg7 3. Nc3 d6 4. Be3 b6 5. Bc4 e6 6. f4 Bb7 7. Bb3 Nf6 8. Qd3 Ng4 9. Nf3 Nxe3 10. Qxe3 Qe7 11. 0-0-0 Nd7 12. h4 0-0-0 13. h5 Nf6 14. e5 dxe5 15. Nxe5 gxh5 16. Nxf7 Rhe8 17. Nxd8 Qxd8 18. Bxe6+ Kb8 19. d5 Ng4 20. Qg3 Bxc3 21. bxc3 Qd6 22. Rxh5 Nf6 23. Re5 Qa3+ 24. Kb1 Ba6 25. Rd4 Qc5 26. d6 Qc6 27. d7 Rd8 28. Qg5 Rxd7 29. Bxd7 Nxd7 30. Qd8+ Bc8 31. Rxd7 Qxc3 32. Qxc7+ Qxc7 33. Rxc7 Kxc7 34. Re7+ Kd6 35. Rxa7 Bf5 36. Kb2 Be4 37. g4 Bf3 38. Rxh7 Bxg4 39. c4 Bf5 40. Rh6+ Kc7 41. Kc3 Bb1 42. a3 Be4 43. Kd4 Bc2 44. c5 1-0

[Event "Titled Tuesday intern op 27th Jun Late"]
[Site "Chess.com INT"]
[Date "2023.06.27"]
[Round "7"]
[White "Tiglon, Bryce"]
[Black "Korobov, Anton"]
[Result "0-1"]
[WhiteElo "2481"]
[BlackElo "2661"]
[PlyCount "80"]
[EventDate "2023.06.27"]
[EventType "swiss (blitz)"]
[EventRounds "11"]
[EventCountry "USA"]
[SourceTitle "EXT 2024"]
[Source "ChessBase"]
[SourceDate "2023.10.10"]
[SourceVersion "1"]
[SourceVersionDate "2023.10.10"]
[SourceQuality "1"]

1. Nf3 d5 2. e3 Nf6 3. d4 a6 4. b3 Bf5 5. Bb2 e6 6. Bd3 Bd6 7. 0-0 0-0 8. c4 c6 9. Bxf5 exf5 10. cxd5 cxd5 11. Ba3 Nc6 12. Bxd6 Qxd6 13. Nc3 Rfe8 14. Rc1 Rad8 15. Ne2 Ne4 16. Nf4 g5 17. Nd3 f6 18. Nc5 Re7 19. Qc2 Nb4 20. Qe2 f4 21. a3 Nc6 22. b4 fxe3 23. fxe3 Rde8 24. Qc2 Nd8 25. Qb3 Nf7 26. Nxe4 Rxe4 27. Rc3 Qe6 28. Kf2 Nd6 29. Nd2 Rh4 30. Rc5 b6 31. Rxd5 Kg7 32. Rc1 Rxh2 33. Rc7+ Kh6 34. Nf3 Ne4+ 35. Kg1 Rxg2+ 36. Kxg2 Qg4+ 37. Kh2 Qg3+ 38. Kh1 Qxf3+ 39. Kh2 Qf2+ 40. Kh1 Ng3# 0-1

[Event "Titled Tuesday intern op 27th Jun Late"]
[Site "Chess.com INT"]
[Date "2023.06.27"]
[Round "4"]
[White "Tiglon, Bryce"]
[Black "Yoo, Christopher Woojin"]
[Result "1-0"]
[WhiteElo "2481"]
[BlackElo "2606"]
[PlyCount "117"]
[EventDate "2023.06.27"]
[EventType "swiss (blitz)"]
[EventRounds "11"]
[EventCountry "USA"]
[SourceTitle "EXT 2024"]
[Source "ChessBase"]
[SourceDate "2023.10.10"]
[SourceVersion "1"]
[SourceVersionDate "2023.10.10"]
[SourceQuality "1"]

1. Nf3 c5 2. e3 Nc6 3. d4 cxd4 4. Nxd4 Nf6 5. c4 e5 6. Nb5 d6 7. N1c3 a6 8. Na3 Be6 9. e4 g6 10. Be2 Bg7 11. Be3 0-0 12. 0-0 Ne8 13. Nc2 f5 14. exf5 gxf5 15. Nd5 f4 16. Bb6 Qd7 17. f3 Ne7 18. Nxe7+ Qxe7 19. Nb4 Nf6 20. Nd5 Nxd5 21. cxd5 Bf5 22. Bd3 Qd7 23. Bxf5 Qxf5 24. Qa4 Rac8 25. Rac1 Rxc1 26. Rxc1 Rc8 27. Rxc8+ Qxc8 28. Kf2 Kf7 29. Ke2 Bf6 30. Ba5 b5 31. Qe4 Kg7 32. Bd2 h5 33. b3 h4 34. a4 h3 35. Kf1 bxa4 36. bxa4 Bh4 37. g3 Bxg3 38. hxg3 h2 39. Kg2 Qh8 40. Kh1 Qh3 41. gxf4 Qf1+ 42. Kxh2 Qf2+ 43. Kh3 Qxd2 44. fxe5 Qh6+ 45. Kg4 Qh2 46. exd6 Qg2+ 47. Kf4 Qh2+ 48. Kf5 Qh5+ 49. Kf4 Qh2+ 50. Ke3 Qxd6 51. Qg4+ Kh7 52. Qh3+ Kg7 53. Qg4+ Kh7 54. Qf5+ Kg7 55. Qe4 Qc5+ 56. Kf4 Kf7 57. Qe6+ Kf8 58. Qf6+ Ke8 59. Qc6+ 1-0

[Event "Ayvalik Menekse"]
[Site "Ayvalik"]
[Date "2023.06.17"]
[Round "10.1"]
[White "Makarian, Rudik"]
[Black "Tiglon, Bryce"]
[Result "1-0"]
[WhiteElo "2545"]
[BlackElo "2494"]
[PlyCount "83"]
[EventDate "2023.06.08"]
[EventType "schev"]
[EventRounds "10"]
[EventCountry "TUR"]
[SourceTitle "CBM 214 Extra"]
[Source "ChessBase"]
[SourceDate "2023.07.31"]
[SourceVersion "1"]
[SourceVersionDate "2023.07.31"]
[SourceQuality "1"]
[WhiteTeam "Grandmaster"]
[BlackTeam "Master"]
[WhiteTeamCountry "TUR"]
[BlackTeamCountry "TUR"]

1. c4 c5 2. Nf3 Nf6 3. Nc3 Nc6 4. d4 cxd4 5. Nxd4 e6 6. g3 Qb6 7. Nb3 Ne5 8. e4 Bb4 9. c5 Qc6 10. Bg2 Qb5 11. Bf1 Qc6 12. f3 0-0 13. Bf4 d6 14. cxd6 Bxd6 15. Nb5 Bb8 16. Be3 a6 17. Rc1 Qd7 18. N5d4 Ng6 19. Kf2 Rd8 20. Bh3 Qe8 21. Qe2 Ba7 22. Rhd1 e5 23. Nf5 Bxf5 24. Bxf5 Bxe3+ 25. Qxe3 Ne7 26. Bh3 Rxd1 27. Rxd1 Rd8 28. Rxd8 Qxd8 29. Qa7 g5 30. Qxb7 g4 31. Bxg4 Nxg4+ 32. fxg4 Qd6 33. Qa7 Kg7 34. g5 Qe6 35. h4 Qd6 36. Qc5 Qe6 37. Nd2 Nc6 38. Nf3 Qd7 39. Ke3 Qc7 40. h5 Kg8 41. h6 a5 42. b3 1-0

[Event "Ayvalik Menekse"]
[Site "Ayvalik"]
[Date "2023.06.13"]
[Round "6.1"]
[White "Saric, Ibro"]
[Black "Tiglon, Bryce"]
[Result "1/2-1/2"]
[WhiteElo "2531"]
[BlackElo "2494"]
[PlyCount "120"]
[EventDate "2023.06.08"]
[EventType "schev"]
[EventRounds "10"]
[EventCountry "TUR"]
[SourceTitle "CBM 214 Extra"]
[Source "ChessBase"]
[SourceDate "2023.07.31"]
[SourceVersion "1"]
[SourceVersionDate "2023.07.31"]
[SourceQuality "1"]
[WhiteTeam "Grandmaster"]
[BlackTeam "Master"]
[WhiteTeamCountry "TUR"]
[BlackTeamCountry "TUR"]

1. Nf3 Nf6 2. g3 d5 3. Bg2 c5 4. 0-0 g6 5. c4 Bg7 6. cxd5 Nxd5 7. Nc3 Nc6 8. Nxd5 Qxd5 9. d3 0-0 10. Be3 Bxb2 11. Nd4 Qe5 12. Nxc6 bxc6 13. Rb1 Bd4 14. Bxc6 Bh3 15. Bxa8 Bxf1 16. Kxf1 Rxa8 17. Bxd4 cxd4 18. Qa4 Qd5 19. f3 Qe6 20. Qxd4 Qxa2 21. Ra1 Qc2 22. Rxa7 Rxa7 23. Qxa7 e6 24. Qb8+ Kg7 25. Qe5+ Kg8 26. g4 Qc1+ 27. Kf2 Qh6 28. Kg2 Qh4 29. Qb8+ Kg7 30. Qg3 Qf6 31. f4 Qd4 32. Qf2 Qd5+ 33. Qf3 Qa5 34. Kf2 Kg8 35. h4 Qc5+ 36. Kg2 Qa5 37. Qb7 Qe1 38. Qb8+ Kg7 39. Qe5+ Kf8 40. h5 gxh5 41. gxh5 h6 42. d4 Ke7 43. f5 Kd7 44. fxe6+ fxe6 45. d5 exd5 46. Qxd5+ Ke7 47. Qe4+ Kf6 48. Qf4+ Ke7 49. Qe3+ Kd7 50. Kf3 Qa1 51. Qd3+ Ke7 52. Qh7+ Ke8 53. Qe4+ Kf7 54. Qf4+ Ke7 55. Kg4 Qg7+ 56. Kh3 Qg1 57. Qe5+ Kf7 58. Qf5+ Ke7 59. Qh7+ Kd8 60. e4 Qe3+ 1/2-1/2